[Event "Prva liga Centralne Srbije 2010"]
[Site "Valjevo"]
[Date "2010.09.23"]
[Round "8.5"]
[White "Urosevic, Zoran"]
[Black "Nikolic, Dragovan"]
[Result "1-0"]
[WhiteElo "2255"]
[BlackElo "2296"]
[PlyCount "73"]
[EventDate "2010.09.18"]

1. d4 Nf6 2. Nc3 g6 3. e4 d6 4. Be3 Bg7 5. f3 O-O 6. Qd2 e5 7. Nge2 c6 8. O-O-O
Nbd7 9. Bh6 b5 10. Bxg7 Kxg7 11. g4 Qc7 12. Ng3 b4 13. Nce2 Ba6 14. Qxb4 Rfb8
15. Qc3 Rb6 16. g5 Ne8 17. Bh3 Nf8 18. Bg4 Rab8 19. b3 Qe7 20. h4 Nc7 21. dxe5
dxe5 22. f4 Bxe2 23. Bxe2 Qa3+ 24. Kb1 Re8 25. f5 a5 26. h5 a4 27. hxg6 fxg6
28. Bc4 axb3 29. cxb3 Qc5 30. Ne2 Nb5 31. Bxb5 Qxb5 32. Rh2 Rb7 33. Rd6 Rc7 34.
fxg6 hxg6 35. Qh3 Kf7 36. Qh8 Re6 37. Rf2+ 1-0

[Event "Prva liga Centralne Srbije 2010"]
[Site "Valjevo"]
[Date "2010.09.23"]
[Round "8.5"]
[White "Vuckovic, Branko"]
[Black "Lazic, Zeljko"]
[Result "0-1"]
[WhiteElo "2243"]
[BlackElo "2183"]
[PlyCount "54"]
[EventDate "2010.09.18"]

1. e4 g6 2. d4 Bg7 3. Be3 c5 4. Nc3 cxd4 5. Bxd4 Nf6 6. Nd5 e6 7. Nxf6+ Bxf6 8.
Bxf6 Qxf6 9. c3 O-O 10. Nf3 d5 11. e5 Qg7 12. h4 Nc6 13. Qe2 b5 14. Qe3 Rb8 15.
h5 Bd7 16. Bd3 b4 17. g4 bxc3 18. bxc3 f6 19. hxg6 hxg6 20. Rh6 Be8 21. O-O-O
fxe5 22. Rdh1 e4 23. Nd4 Nxd4 24. cxd4 exd3 25. Qxe6+ Bf7 26. Qf6 Qxf6 27. Rh8+
Qxh8 0-1

[Event "Prva liga Centralne Srbije 2010"]
[Site "Valjevo"]
[Date "2010.09.23"]
[Round "8.6"]
[White "Radovanovic, Dusan"]
[Black "Ristic, Nebojsa M"]
[Result "1/2-1/2"]
[WhiteElo "2387"]
[BlackElo "2377"]
[PlyCount "145"]
[EventDate "2010.09.18"]

1. d4 c5 2. d5 d6 3. e4 Nf6 4. Nc3 g6 5. Nf3 a6 6. a4 Bg4 7. Be2 Bxf3 8. Bxf3
Nbd7 9. O-O Bg7 10. Re1 O-O 11. Be2 b6 12. Bg5 Ne8 13. f4 Nc7 14. e5 f6 15.
exf6 exf6 16. Bh4 g5 17. Bg3 gxf4 18. Bxf4 Ne5 19. Ne4 f5 20. Ng5 Ng6 21. Bc1
Bxb2 22. Bxb2 Qxg5 23. Ra3 f4 24. Bg4 Rae8 25. Be6+ Nxe6 26. dxe6 d5 27. Rh3 d4
28. Rh5 Qf6 29. Qg4 a5 30. Rd5 Re7 31. Kh1 Rfe8 32. Rd6 Rg7 33. Qh5 Rb8 34. Qd5
Ne7 35. Rd8+ Rxd8 36. Qxd8+ Qf8 37. Qxf8+ Kxf8 38. Bc1 Rg4 39. Re4 Nd5 40. g3
Nf6 41. Rxf4 Ke7 42. Kg2 Rxf4 43. Bxf4 Kxe6 44. Kf3 Nd5 45. Bd2 Kd6 46. g4 c4
47. h4 c3 48. Bc1 Nb4 49. Bf4+ Kd5 50. g5 Nxc2 51. h5 Ne1+ 52. Ke2 Ng2 53. Bc1
Ke4 54. g6 d3+ 55. Kf2 hxg6 56. h6 Nf4 57. Bxf4 Kxf4 58. h7 c2 59. h8=Q c1=Q
60. Qf6+ Ke4 61. Qxg6+ Kd4 62. Qg7+ Ke4 63. Qg6+ Ke5 64. Qe8+ Kf6 65. Qf8+ Kg6
66. Qg8+ Kh5 67. Qe8+ Kg5 68. Qg8+ Kf4 69. Qf7+ Ke4 70. Qe7+ Kd4 71. Qg7+ Kd5
72. Qd7+ Ke4 73. Qe7+ 1/2-1/2

[Event "Prva liga Centralne Srbije 2010"]
[Site "Valjevo"]
[Date "2010.09.23"]
[Round "8.6"]
[White "Zivkovic, Ivan B"]
[Black "Stankovic, Dragan P"]
[Result "1/2-1/2"]
[WhiteElo "2327"]
[BlackElo "2287"]
[PlyCount "40"]
[EventDate "2010.09.18"]

1. e4 c5 2. Nf3 e6 3. d4 cxd4 4. Nxd4 Nf6 5. Nc3 Nc6 6. Ndb5 d6 7. Bf4 e5 8.
Bg5 a6 9. Na3 b5 10. Nd5 Be7 11. Bxf6 Bxf6 12. c4 b4 13. Nc2 a5 14. Qf3 Be7 15.
a3 Rb8 16. axb4 axb4 17. b3 O-O 18. Bd3 Be6 19. O-O Bg5 20. Ra4 Bd2 1/2-1/2

[Event "Prva liga Centralne Srbije 2010"]
[Site "Valjevo"]
[Date "2010.09.23"]
[Round "8.6"]
[White "Djoric, Dusan"]
[Black "Bojovic, Dusan"]
[Result "1/2-1/2"]
[WhiteElo "2300"]
[BlackElo "2342"]
[PlyCount "34"]
[EventDate "2010.09.18"]

1. c4 Nf6 2. Nc3 e6 3. g3 c5 4. Bg2 Be7 5. Nf3 d6 6. d4 cxd4 7. Nxd4 O-O 8. O-O
a6 9. b3 Qc7 10. Bb2 Nbd7 11. Rc1 Ne5 12. Qd2 Bd7 13. Rfd1 Rac8 14. Nf3 Nxf3+
15. Bxf3 Rfd8 16. Ne4 Nxe4 17. Bxe4 Bc6 1/2-1/2

[Event "Prva liga Centralne Srbije 2010"]
[Site "Valjevo"]
[Date "2010.09.23"]
[Round "8.6"]
[White "Toth, Aleksandar"]
[Black "Obradovic, Blazimir"]
[Result "1-0"]
[WhiteElo "2296"]
[BlackElo "2194"]
[PlyCount "93"]
[EventDate "2010.09.18"]

1. e4 e6 2. d3 d5 3. Nd2 Nf6 4. Ngf3 Be7 5. c3 b6 6. Qa4+ c6 7. e5 Nfd7 8. d4
a5 9. h4 f6 10. exf6 Bxf6 11. Bd3 Ba6 12. Bxa6 Rxa6 13. Qc2 O-O 14. Ng5 Bxg5
15. hxg5 g6 16. Nf3 Qe7 17. Be3 e5 18. dxe5 Nxe5 19. Nxe5 Qxe5 20. O-O-O Nd7
21. c4 Ra7 22. cxd5 cxd5 23. Kb1 Qe4 24. Qxe4 dxe4 25. Rd6 Rb7 26. Rhd1 Nc5 27.
R1d2 Rf5 28. Rc6 Nd3 29. Re6 Nc5 30. Rd8+ Kf7 31. Rc6 Ne6 32. Rdd6 Nxg5 33. g4
Rb5 34. a4 Re5 35. Bf4 Nf3 36. Rf6+ Kg7 37. Bxe5 Nxe5 38. Rxb6 Rxb6 39. Rxb6
Nxg4 40. b4 h5 41. bxa5 h4 42. Kc2 h3 43. Rb1 e3 44. fxe3 Nxe3+ 45. Kd3 Nd5 46.
a6 h2 47. a7 1-0

[Event "Prva liga Centralne Srbije 2010"]
[Site "Valjevo"]
[Date "2010.09.23"]
[Round "8.6"]
[White "Djokic, Nenad"]
[Black "Radivojevic, Ivan"]
[Result "0-1"]
[WhiteElo "2374"]
[BlackElo "2361"]
[PlyCount "88"]
[EventDate "2010.09.18"]

1. d4 Nf6 2. Nf3 e6 3. c4 Bb4+ 4. Bd2 Qe7 5. g3 O-O 6. Bg2 Bxd2+ 7. Qxd2 d6 8.
O-O e5 9. Nc3 Re8 10. e4 a5 11. d5 Na6 12. Ne1 Nc5 13. Nc2 c6 14. Ne3 Rb8 15.
b3 Ng4 16. Rae1 Nxe3 17. Rxe3 Qc7 18. Rd1 Rd8 19. f4 Bg4 20. Rb1 f6 21. f5 Bh5
22. h3 Bf7 23. g4 h6 24. h4 Kf8 25. Kh2 b5 26. Bf1 b4 27. Nd1 cxd5 28. cxd5 Ke7
29. Nb2 Rdc8 30. Bc4 Qa7 31. Nd3 a4 32. Nxc5 Rxc5 33. Re2 axb3 34. axb3 Ra5 35.
Rg1 Ra8 36. Qxb4 Ra1 37. Rxa1 Qxa1 38. Qb7+ Kf8 39. Qc7 Qf1 40. Rg2 Qf4+ 41.
Kh3 Ra1 42. Rg3 Qf2 43. Qd8+ Be8 44. Qxd6+ Kg8 0-1